000 00842nam a2200229Ia 4500
003 GCL
008 140319s9999 xx 000 0 ara d
020 _a5665919977
040 _aGCL /
_cGCL
082 0 4 _a379.15
_bهـ ت
100 1 _aهايدن، مارى
245 1 0 _aالتربية الدولية :
_bتجارب وخبرات عالمية معاصرة فى تحسين التدريس والادارة والجودة /
_cهايدن، مارى
700 1 _aطومبسون، جيف
260 _aالقاهرة :
_bمجموعة النيل العربية ،
_c2003
300 _a292 ص ؛
_c24 سم
650 0 4 _aالتعليم - مناهج
650 0 4 _aالمدرسون
650 0 4 _aالمدارس - تنظيم وادارة
650 0 4 _aالمناهج - تخطيط
650 0 4 _aالمناهج - تطوير
942 _2ddc
_cBK
999 _c8323
_d8323